El fin del mundo / (Registro nro. 37223)
[ vista simple ]
| 000 -CABECERA | |
|---|---|
| Longitud fija campo de control | 01004nam a22003018a 4500 |
| 003 - • IDENTIFICADOR DELl NÚMERO DE CONTROL | |
| Identificador del número de control | CO-ViMGA |
| 005 - • FECHA Y HORA DE LA ÚLTIMA TRANSACCIÓN | |
| Fecha y hora de la última transacción | 20230915233610.0 |
| 008 - • CÓDIGOS DE INFORMACIÓN DE LONGITUD FIJA | |
| Códigos de información de longitud fija | 160802s2015 ck a jr 0001j spa d |
| 020 ## - • NÚMERO INTERNACIONAL NORMALIZADO PARA LIBROS | |
| Número Internacional Normalizado para Libros (ISBN) | 9789583047596 |
| 040 ## - FUENTE DE LA CATALOGACIÓN | |
| Centro catalogador de origen | CO-ViMGA |
| Lengua de catalogación | spa |
| Centro transcriptor | CO-ViMGA |
| 041 1# - • CÓDIGO DE LENGUA | |
| Código de lengua original | fre |
| 043 ## - CÓDIGO DE ÁREA GEOGRÁFICA | |
| Código de área geográfica | e-fr--- |
| 082 04 - • NÚMERO DE LA CLASIFICACIÓN DECIMAL DEWEY | |
| Número de clasificación (R) | 843.91 |
| Número del ítem | C65f |
| Número de edición | 19 |
| 100 1# - • PUNTO DE ACCESO PRINCIPAL-NOMBRE DE PERSONA | |
| Nombre de persona | Colin, Fabrice, |
| Fechas asociadas al nombre | 1972- |
| 245 13 - • TITULO PROPIAMENTE DICHO | |
| Título | El fin del mundo / |
| Mención de responsabilidad, etc. | Fabrice Colin ; traducción Cristina Ramos Solis. |
| 250 ## - • MENCIÓN DE EDICIÓN | |
| Mención de edición | Edicin̤ Javier R. Mahecha Lp̤ez. |
| 300 ## - • DESCRIPCIÓN FÍSICA | |
| Extensión | 207 pg̀inas ; |
| Dimensiones | 23 cm. |
| 534 ## - • Nota De Versión Original | |
| -- | Tt̕ulo original : |
| Título | La fin du monde. |
| 650 14 - • PUNTO DE ACCESO ADICIONAL DE MATERIA - TÉRMINO DE MATERIA | |
| Término de materia o nombre geográfico como elemento inicial | Guerra nuclear |
| Subdivisión de forma | Novela juvenil. |
| 650 14 - • PUNTO DE ACCESO ADICIONAL DE MATERIA - TÉRMINO DE MATERIA | |
| Término de materia o nombre geográfico como elemento inicial | Historias de aventuras. |
| 650 14 - • PUNTO DE ACCESO ADICIONAL DE MATERIA - TÉRMINO DE MATERIA | |
| Término de materia o nombre geográfico como elemento inicial | Novela de ciencia ficcion̤. |
| 650 14 - • PUNTO DE ACCESO ADICIONAL DE MATERIA - TÉRMINO DE MATERIA | |
| Término de materia o nombre geográfico como elemento inicial | Novela juvenil francesa. |
| 700 1# - • PUNTO DE ACCESO ADICIONAL - NOMBRE DE PERSONA | |
| Nombre de persona | Mahecha Lp̤ez, Javier R, |
| Término indicativo de función | editor. |
| 700 1# - • PUNTO DE ACCESO ADICIONAL - NOMBRE DE PERSONA | |
| Nombre de persona | Ramos Solis, Cristina, |
| Término indicativo de función | traductora. |
| 942 ## - ENTRADA DE ELEMENTOS AGREGADOS (KOHA) | |
| Fuente de clasificaión o esquema | Dewey Decimal Classification |
| Koha [por defecto] tipo de item | LIbro |
| Perdido | Fuente de clasificación o esquema | Estado Físico | No para préstamo | Forma de adquisición | Localización permanente | Localización actual | Fecha adquisición | Préstamos totales | Signatura completa | Código de barras | Fecha última consulta | Fecha del precio de reemplazo | Tipo de item de Koha |
|---|---|---|---|---|---|---|---|---|---|---|---|---|---|
| Dewey Decimal Classification | Sala General Segundo Piso | Biblioteca Pública Germán Arciniegas - Villavicencio | Biblioteca Pública Germán Arciniegas - Villavicencio | 03/25/2020 | 843.91 C65f | 32284 | 03/25/2020 | 03/25/2020 | LIbro | ||||
| Dewey Decimal Classification | Sala General Segundo Piso | Biblioteca Pública Germán Arciniegas - Villavicencio | Biblioteca Pública Germán Arciniegas - Villavicencio | 03/25/2020 | 843.91 C65f | 32285 | 03/25/2020 | 03/25/2020 | LIbro |